| 000 | 00989cam a22002898i 4500 | ||
|---|---|---|---|
| 001 | 016299305 | ||
| 003 | OSt | ||
| 005 | 20141117114806.0 | ||
| 008 | 130305t2014 xxu frb 001 0 eng d | ||
| 020 | _a9780323085496 (pbk.) | ||
| 040 |
_aStDuBDS _beng _cStDuBDS _dEG-ScBUE |
||
| 082 | 0 | 0 |
_a616.075 _222 _bACK |
| 100 | 1 |
_aAckley, Betty J. _936554 |
|
| 245 | 1 | 0 |
_aNursing diagnosis handbook : _ban evidence-based guide to planning care / _cBetty J. Ackley, Gail B. Ladwig. |
| 250 | _a10th ed. | ||
| 260 |
_aMissouri, United States : _bElsevier, _cc.2014. |
||
| 300 |
_axxii, 887 p. ; _c26 cm. |
||
| 500 | _aPrevious edition : 2011. | ||
| 500 | _aIndex : p. 869-887. | ||
| 504 | _aIncludes bibliographical reference. | ||
| 650 | 0 |
_aNursing diagnosis _vHandbooks, manuals, etc. _923840 |
|
| 650 | 0 |
_aNursing care plans _vHandbooks, manuals, etc. _936553 |
|
| 653 |
_bNNUR _cNovember2014 |
||
| 655 |
_vreading book _934232 |
||
| 700 | 1 |
_aLadwig, Gail B. _936555 |
|
| 942 |
_2ddc _k616.075 ACK |
||
| 999 |
_c18629 _d18601 |
||